Metodología de la enseñanza de la historia /

Guardado en:
Autor Principal: Ramallo, Jorge María
Formato: Libro
Publicado: Buenos Aires : Guadalupe, 1966
Materias:
Etiquetas: Agregar Etiqueta
Sin Etiquetas, Sea el primero en etiquetar este registro!
LEADER 00519nam a22001815a 4500
001 CEM.cems007305
005 20060214000000.0
008 130507s1966##################000#0#####d
003 CEMS
082 0 4 |a 907 
100 1 |a Ramallo, Jorge María 
245 1 0 |a Metodología de la enseñanza de la historia / 
260 |a Buenos Aires :  |b Guadalupe,  |c 1966 
300 |a 143 p. 
653 |a Didactica de la historia 
653 |a Historia 
653 |a Historia-enseñanza 
859 |a CEMS  |b BIB. CEMS - 11 de abril  |h 907  |i R141  |p 3704.75  |t Ej.1